Les 10 meilleurs buteurs en 2023. - Statistiques

Statistiques générales
  • Ce quiz a été pris 675 fois
  • Le résultat moyen est 8 sur 10
Statistiques - réponses
Buts Joueurs Clubs % Correct
52 Kylian Mbappe PSG
100%
50 Erling Haaland Man City
97%
52 Harry Kane Tottenham/ Bayern
96%
36 Mohamed Salah Liverpool
94%
28 Alexandre Lacazette Lyon
86%
37 Lautaro Martinez Inter
85%
40 Romelu Lukaku Inter/ Roma
81%
34 Victor Osimhen Napoli
76%
29 Lois Openda Lens/ Leipzig
74%
31 Serhou Guirassy Stuttgart
51%
Aucun quiz correspondant
Distribution des résultats
% des personnes avec chaque résultat
Percentile par nombre de réponses
Votre historique - résultats
Vous n’avez pas pris ce quiz